000 00448nam a2200181Ia 4500
001 11458
005 20260306162829.0
008 260306t1973||||xx |||||||||||||| ||spa||
041 _aESP
082 _a985.06
_bC14
100 _aCáceres, Andrés Avelino
_eAUT
245 0 _aLa guerra del 79:
_bsus campañas: (memorias)
260 _c1973
300 _a294 páginas :
_c22 cm.
650 _aGEN
654 _aCHU
942 _cLIB
_dJUS
_fJUS
_2ddc
_n
999 _c11458
_d11458